| 000 | 00324nam a22001217a 4500 | ||
|---|---|---|---|
| 008 | 181127b xxu||||| |||| 00| 0 eng d | ||
| 041 | _aeng | ||
| 080 | _a043.3 | ||
| 100 | _a0 | ||
| 101 | _aBTH-SHJ | ||
| 245 |
_aKrimi kompjuterik si forme e kriminalitetit te organizuar ne Republiken e Kosoves _cShala, A |
||
| 942 |
_2udc _cBK |
||
| 999 |
_c52546 _d52546 |
||